PROGRAMAS DO(A)... Quiz Stats

 Plays Quiz not verified by Sporcle

Challenge
Share
Tweet
Embed
Score 0/30 Timer 20:00
0 Plays Today
% Correct
FANTASTICO
100%
TV GLOBINHO
100%
O MELHOR DO BRASIL
100%
LEGENDARIOS
100%
PROGRAMA DO GUGU
100%
ZORRA TOTAL
66.7%
DOMINGAO DO FAUSTAO
66.7%
MAIS VOCE
66.7%
TV XUXA
66.7%
CALDEIRAO DO HUCK
66.7%
ESTRELAS
66.7%
VIDEO SHOW
66.7%
BOM DIA E CIA
66.7%
CARROSSEL ANIMADO
66.7%
A PRACA E NOSSA
66.7%
% Correct
ELIANA
66.7%
DOMINGO LEGAL
66.7%
OS CARAS DE PAU
33.3%
HOJE EM DIA
33.3%
TUDO E POSSIVEL
33.3%
RECORD KIDS
33.3%
EXTREME MAKEOVER SOCIAL
33.3%
SHOW DO TOM
33.3%
RODA A RODA
33.3%
TOPA OU NAO TOPA
33.3%
1 CONTRA 100
33.3%
AVENTURA SELVAGEM
33.3%
A FAZENDA
0%
O APRENDIZ
0%
QUAL E A MUSICA
0%

You're not logged in!

Compare scores with friends on all Sporcle quizzes.
Join for Free
OR
Log In

You Might Also Like...

Show Comments

Extras

Created Nov 12, 2010ReportNominate

Top Quizzes Today


Score Distribution

Your Account Isn't Verified!

In order to create a playlist on Sporcle, you need to verify the email address you used during registration. Go to your Sporcle Settings to finish the process.

Report this User

Report this user for behavior that violates our Community Guidelines.

Details: